Alle Gilli Sange - Statistics

General Stats
  • This quiz has been taken 19 times
  • The average score is 49 of 150
Answer Stats
Hint Ækte Vare % Correct
2 Knokler Hårdt
100%
3 555
93%
7 | 2019 Vai Amor
93%
2019 Branco All In
79%
2015 Orale
79%
9 LA DANZA
71%
2015 (feat. MellemFingaMuzik) C'est la vie
64%
2017 Habibi Aiwa
64%
4 Lyca
64%
2018 (feat. KESI) Mama
64%
14 Skejs
64%
2016 Tidligt Op
64%
4 Verden Vågner
64%
6 100
57%
2016 (feat. KESI) Adios
57%
1 Baianá
57%
8 Culo
57%
10 | 2021 Benny Jamz, KESI Hajde
57%
2016 Helwa
57%
5 Ibiza
57%
4 Kender Ik' I Morgen
57%
2019 Branco London Town
57%
9 Miami
57%
10 Paid
57%
2 Peligrosa
57%
2017 (feat. KESI & Sivas) Rica
57%
5 Romario
57%
6 Skarpt Lys
57%
11 Urørlig
57%
11 Booty Up
50%
3 En Gang Til
50%
2022 Benny Jamz Europa Life
50%
2023 Stepz Fast Life
50%
1 Grå Dage
50%
12 Ingenting At Sige
50%
2017 Langsom
50%
15 Mama Rosa
50%
6 Miami Vicer
50%
7 Midnight Madness
50%
11 Principperne
50%
6 Reposado
50%
2020 Snik Snak
50%
10 | 2019 Branco VERDEN VENDER
50%
7 1 Sammen
43%
8 Brazil
43%
2 Chance
43%
3 Chicagenhagen
43%
10 Dag 1
43%
4 Denim
43%
2018 Kolde Nætter
43%
2017 La Varrio (El Barrio)
43%
1 Life
43%
6 Penge Kommer Går
43%
1 Tillid
43%
7 Trykker Sedler
43%
8 Alt Jeg Har Set
36%
5 Avantgarde
36%
9 Bariostar
36%
3 Casino
36%
5 Du & Jeg
36%
2022 Benny Jamz, KESI Elo Elo
36%
9 Freak
36%
2021 Kærlighed
36%
9 Langt Væk
36%
7 Lifestyle
36%
8 MON CHERI
36%
7 MURDA
36%
3 NAPOLI
36%
3 No Pasa Nada
36%
2018 Sivas, NODE Oui
36%
8 Peace & Love
36%
2018 KESI Su Casa
36%
3 Ung Entreprenør
36%
7 Du Min
29%
1 INTRO
29%
2020 (feat. ICEKIID & Noah Carter) Kopenhagen
29%
2020 L.U.V
29%
2021 Benny Jamz, KESI No Love
29%
2012 Små Børn
29%
1 Spinner
29%
2 Stressfri
29%
16 Tale Til Dem
29%
2020 3STYLE
21%
5 Corazon
21%
14 Eurobando
21%
2018 Frero
21%
10 Fuldmåne
21%
5 Hårde Tider
21%
4 Hele Igennem
21%
3 Ikke Alene
21%
2024 Merro8 (feat. Gilli) Intet Nyt
21%
8 Lad Livet Gå
21%
6 LEVEL UP
21%
1 Løgn
21%
11 MONEY MOVES
21%
2024 Robocop
21%
1 Shoebox Money
21%
2018 (feat. Branco) Tranquillo
21%
2023 Benny Jamz, KESI Under Radar
21%
13 Yde For At Nyde
21%
2 | 2020 Branco BACK TO BUSINESS
14%
2012 Bagmand
14%
10 Bottega
14%
2020 Brobizz
14%
13 FRENCH CONNECTION
14%
7 Hagen City
14%
10 Ik' Lige Nu
14%
9 Kompliceret
14%
11 Laffy Taffy
14%
13 Mula
14%
2 Perspektiv
14%
2 Selv
14%
6 Varmeste Herinde
14%
4 EAZY
7%
12 Et Tegn
7%
6 Ik Så Meget
7%
12 Kalder På Dig
7%
2020 NODE Limbo
7%
13 Livet Går Videre
7%
2018 Mon P'tit Loup
7%
5 På Et Døgn
7%
2019 Branco Planer
7%
11 Verden I Hånden
7%
2022 Pooyandeh Baianá - Pooyandeh Remix
0%
2022 Yo Johnny Baianá -Yo Johnny Remix
0%
5 BELIEVER
0%
2021 Benny Jamz, KESI B.O Bop
0%
2020 Mr Eazi Can't Lose
0%
12 Casa
0%
4 Dexter
0%
8 Dyckman
0%
13 Igennem Årene
0%
8 Ingen Som Os
0%
11 Lever Nu
0%
9 Ligesom Os
0%
2012 Kimbo (feat. Murro) Lykkerig
0%
2018 Mi Lulu
0%
2 Money Dial
0%
14 MOTIVATION
0%
2020 Benny Jamz Mozart
0%
12 NO GAMES
0%
2015 (feat. Pato Pooh & Denz) [Remix] Orale - Remix
0%
2019 ATYPISK Plata O Plomo
0%
4 Vise Dig Vejen
0%
2021 Benny Jamz, KESI Wawa
0%
2016 NODE Zebah
0%
No matching quizzes found
Score Distribution
Percent of People with Each Score
Percentile by Number Answered
Your Score History
You have not taken this quiz